West Ham 2012 Championship Play-off Final Team - Statistics

General Stats
  • This quiz has been taken 21 times
  • The average score is 9 of 16
Answer Stats
Answer % Correct
Mark Noble
91%
Carlton Cole
82%
Kevin Nolan
82%
Ricardo Vaz Tê
82%
Robert Green
82%
Winston Reid
82%
Guy Demel
64%
Jack Collison
64%
James Tomkins
55%
Matthew Taylor
55%
Gary O'Neil
36%
George McCartney
27%
Julien Faubert
27%
Henri Lansbury
18%
Nicky Maynard
9%
Stephen Henderson
0%
No matching quizzes found
Score Distribution
Percent of People with Each Score
Percentile by Number Answered
Your Score History
You have not taken this quiz